000 00653nam a22002297a 4500
003 UA-OsUOA
001 88813
007 ta
008 20121018b un ||||| |||| 00| 0 ukr d
100 _aГерасимчук Д.
090 _a821.161.2
_bГ37
942 _cBK
040 _aUA-OsUOA
_bukr
_cUA-OsUOA
_dUA-OsUOA
245 _aЗа всі роки до нашої любові
_bповісті, оповідання
300 _a238 с.
955 _a3
041 _aukr
080 _a821.161.2
260 _aЛьвів
_bКаменяр
_c1978
650 7 _a82 Література. Літературознавство
_2UDC
999 _c375089
_d375089